000 00270nam a22001337a 4500
082 _a894.812
_bMOH/M
100 _aRAJMOHAN
245 _aMRUTHUTHALAM
260 _aALUVA
_bPEN BOOKS PVT. LTD
_c2006
300 _a48
520 _aPOETRY
650 _aPOETRY
942 _cBK
999 _c4236
_d4236